000 00295nam a22001337a 4500
082 _a425
_bSAN/G
100 _aSANKARANARAYANAN, K
245 _aGRAMMAR
246 _aGRAMMAR
_bGRAMMAR
260 _aNEW YORK
_bSCHOLASTICS
300 _a84
650 _aONE-WORD ANTONYMS
_zTRIVANDRUM
942 _cBK
999 _c4113
_d4113